La petite maison dans la prairie # 2 - Statistiques

Statistiques générales
  • Ce quiz a été pris 59 fois
  • Le résultat moyen est 10 sur 20
Statistiques - réponses
Questions Réponses % Correct
Au mariage de Nellie et Percival, qui attrape le bouquet de Nellie ? LAURA
87%
Quel personnage est joué à tour de rôle par les jumelles Lindsay et Sydney Greenbush ? CARRIE
84%
Au cours d'une leçon de cuisine, que contient le saladier renversé par Nellie sur la tête de Percival Dalton ? ŒUFS
84%
A la suite de l'incendie survenu à l'école pour aveugles, quel cadeau offre Albert à Mary Ingalls ? BOITE A MUSIQUE
73%
Dans les ruines d'une ancienne maison à côté de l’Église, avec qui vit Kezia ? CORBEAU
73%
Quel rôle tient Shannen Doherty, qui jouera plus tard dans les séries Beverly Hills et Charmed ? JENNY
73%
Qui est à la fois fondateur de Walnut Grove et propriétaire du moulin de la ville ? LARS HANSON
73%
Qu'est ce que Jenny et Laura enseignent à Matthew, présenté aux foules comme "l'Enfant sauvage" ? LANGUE DES SIGNES
56%
Quel endroit du village de Walnut Grove a été transformée en prison ? GLACIERE
47%
Quel thème est abordé notamment avec le Dr Ledoux, Henry Hill et Joe Kagan ? RACISME
47%
Quel est le nom de famille du père biologique d'Albert ? QUINN
38%
Quel ami des Ingalls connu à Winoka, devient joueur de l'orgue de l'église ? TOBY NO
38%
Quel vieux gardien grognon dans la série porte le nom d'une grande ville des États-Unis ? HOUSTON
31%
Quel est le nom du boxeur battu sur un round de trois minutes par Charles Ingalls ? KAGAN
31%
Quel est le nom de la convention rurale pour laquelle Charles se rend à Chicago, représentant Walnut Grove ? LA GRANGE
29%
Quel est le point commun entre Albert Ingalls et Granville Whipple ? MORPHINE
29%
Quel est le nom du premier banquier du village qui se lie d'amitié avec Laura ? SPRAGUE
24%
Quel rôle tient l'acteur Willy Jackson connu pour "Arnold et Willy" dans un épisode de la saison 3 ? SALOMON
20%
Quel métier occupe John Carter dans le village de Walnut Grove ? MARECHAL FERRAND
18%
Quel personnage fait une clé de bras à un des Frères Galender, qui terrorisent les habitants de Walnut Grove ? REVEREND ALDEN
13%
Aucun quiz correspondant
Distribution des résultats
% des personnes avec chaque résultat
Percentile par nombre de réponses
Votre historique - résultats
Vous n’avez pas pris ce quiz